Digitação Rápida: Alfabeto - Statistics

Estatísticas Gerais
  • Esse quiz foi jogado 189 vezes
  • A pontuação média é 21 de 26
Estatísticas das Respostas
Alfabeto % Correto
A
99%
B
95%
D
92%
G
91%
C
89%
E
89%
F
89%
I
88%
H
87%
J
87%
L
87%
K
85%
S
84%
P
83%
Q
83%
N
81%
O
81%
M
80%
R
77%
T
76%
U
75%
V
72%
W
72%
Y
71%
X
68%
Z
61%
Nenhum quiz correspondente encontrado
Distribuição das Pontuações
Porcentagem de Pessoas com Cada Pontuação
Percentil de Números Respondidos
Sua Pontuação Histórica
Você não jogou esse quiz